000 00216 a2200097 4500
001 48473
100 _aMaufrais, R
245 _aJourney without return
260 _aLondon
_bWilliam kimber
_c
090 _c31409
_d31409
942 _aNUST-CAE
_cM
_c23791
999 _c283546
_d283546